Pays de plus d'1 000 000 km² n'ayant jamais participé à ... - Statistiques

Statistiques générales
  • Ce quiz a été pris 115 fois
  • Le résultat moyen est 22 sur 27
Statistiques - réponses
Réponse % Correct
Russie
95%
Chine
94%
Inde
92%
Algérie
91%
Brésil
91%
Etats-Unis
91%
Mongolie
91%
RD Congo
90%
Argentine
89%
Mexique
86%
Kazakhstan
85%
Arabie Saoudite
84%
Indonésie
83%
Soudan
82%
Egypte
81%
Iran
80%
Niger
80%
Afrique du Sud
78%
Mali
76%
Pérou
75%
Tchad
75%
Colombie
74%
Angola
73%
Libye
71%
Ethiopie
69%
Mauritanie
69%
Bolivie
61%
Aucun quiz correspondant
Distribution des résultats
% des personnes avec chaque résultat
Percentile par nombre de réponses
Votre historique - résultats
Vous n’avez pas pris ce quiz